000
00304nam a22001337a 4500
008
180809b xxu||||| |||| 00| 0 eng d
020
_a
0443076774
041
_a
eng
080
_a
616.053
100
_a
7
101
_a
KAR
245
_a
Pediatric cardiovascular medicine
_c
MOLLER.J.H
942
_2
udc
_c
BK
999
_c
46972
_d
46972